Pays qui possédaient Zagreb à travers l'histoire - Statistiques

Statistiques générales
  • Ce quiz a été pris 44 fois
  • Le résultat moyen est 9 sur 13
Statistiques - réponses
Période Pays % Correct
1941 - 1945 État indépendant de Croatie
100%
1945 - 1991 République fédérale socialiste de Yougoslavie
98%
1991 - Aujourd'hui Croatie
95%
1094 - 1102 Royaume de Croatie
95%
1867 - 1919 Empire Austro-Hongrois
79%
1804 - 1809 Empire d'Autriche
76%
1814 - 1867 Empire d'Autriche
76%
1668 - 1804 Monarchie de Habsbourg
74%
1526 - 1668 Hongrie Royale
52%
1102 - 1526/1919 Royaume de Hongrie
52%
1809 - 1814 Premier Empire Français
29%
1919 - 1929 Royaume des Serbes, Croates et Slovènes
24%
1929 - 1941 Royaume de Yougoslavie
10%
Aucun quiz correspondant
Distribution des résultats
% des personnes avec chaque résultat
Percentile par nombre de réponses
Votre historique - résultats
Vous n’avez pas pris ce quiz